Statistiques concernant Taylor Swift - Paroles Don't Blame Me

Cliquez ici pour prendre le quiz!

Statistiques générales

  • Ce quiz a été pris 327 fois
    (121 depuis la dernière actualisation)
  • Le résultat moyen est 400 sur 478

Statistiques - réponses

HintRéponse% Correct
blame
100%
Intro | RefrainDon't
100%
me
100%
made
99%
crazy
98%
(I)
98%
I
98%
love
98%
my
97%
Couplet 2My
97%
Oh
97%
oh
97%
(ooh)
97%
(you
97%
(you)
97%
you
97%
a
96%
life
95%
Lord
94%
the
94%
The
94%
baby)
93%
baby
93%
Pre-RefrainFor
93%
for
93%
(if)
93%
If
93%
of
93%
rest
93%
be
91%
it
90%
drug
89%
is
89%
(doin'
86%
doin'
86%
right)
86%
right
86%
time''
86%
time
86%
doesn't
85%
and
84%
And
84%
to
81%
(to)
81%
Usin'
81%
usin')
81%
usin'
81%
been
80%
Couplet 1I've
80%
(I'll
79%
I'll
79%
save
79%
your
79%
(your
79%
ain't
77%
I'm
72%
long
69%
mind
69%
this
69%
was
69%
would
69%
(would)
69%
every
68%
Every
68%
so
68%
but
67%
on
67%
you're
67%
You're
67%
(just)
65%
just
65%
Just
65%
lovin'
65%
They
65%
cross
64%
no)
64%
touch
64%
decide
63%
far
63%
line
63%
(oh)
63%
too
63%
name
61%
say
61%
stay
61%
beg
60%
knees
60%
whatever
60%
daisy
57%
"She's
57%
first
56%
gone
56%
waste
56%
face
55%
touchin'
55%
from
54%
loose
54%
breakin'
53%
I'd
53%
mine
53%
now
53%
poison
53%
away
52%
gonna
52%
need
52%
walk
52%
call
51%
get
51%
happen
51%
grace
50%
guys
50%
hearts
50%
inside
50%
use
50%
high
49%
once
49%
Echoes
48%
(echoes)
48%
Something
48%
paradise
47%
Shakin
47%
with
47%
fall
46%
ivy
45%
Halo
43%
insane,
41%
them
41%
Toyin'
40%
hiding
39%
using
39%
obsession
38%
darkest
36%
Trip
33%
little
30%
playthings
30%
pacin'
28%
olders
24%

Distribution des résultats

Percentile par nombre de réponses

% des personnes avec chaque résultat

Votre développement - résultats

Vous n’avez pas pris ce quiz depuis la dernière actualisation